000 004250000a22001810004500
003 MACL
005 20151001151027.0
008 151001b xxu||||| |||| 00| 0 eng d
040 _aMACL
_cMACL
041 _aEnglish
082 _a900/DAS
100 _aDas, Kumudranjan
_913059
245 _aRaja Todar Mal
260 _bSarswat Library
_c1979
_aCalcutta
350 _a80
650 _aHistory
_913060
942 _cBK
_k900
_2ddc
999 _c6206
_d6206